|
|
|
|
| LEADER |
01686nam a22004454a 4500 |
| 001 |
EBC3007623 |
| 003 |
MiAaPQ |
| 005 |
20200520144314.0 |
| 006 |
m o d | |
| 007 |
cr cn||||||||| |
| 008 |
070222s2006 ncu sb 000 0 eng |
| 010 |
|
|
|z 2007271982
|
| 020 |
|
|
|z 188219795X
|
| 035 |
|
|
|a (MiAaPQ)EBC3007623
|
| 035 |
|
|
|a (Au-PeEL)EBL3007623
|
| 035 |
|
|
|a (CaPaEBR)ebr10193834
|
| 035 |
|
|
|a (CaONFJC)MIL100139
|
| 035 |
|
|
|a (OCoLC)743804648
|
| 040 |
|
|
|a MiAaPQ
|c MiAaPQ
|d MiAaPQ
|
| 050 |
|
4 |
|a HD38.2
|b .H468 2006
|
| 082 |
0 |
4 |
|a 658.4/095
|2 22
|
| 100 |
1 |
|
|a Hernez-Broome, Gina.
|
| 245 |
1 |
0 |
|a Selling yourself without selling out
|h [electronic resource] :
|b a leader's guide to ethical self-promotion /
|c Gina Hernez-Broome, Cindy McLaughlin, and Stephanie Trovas.
|
| 260 |
|
|
|a Greensboro, N.C. :
|b Center for Creative Leadership,
|c c2006.
|
| 300 |
|
|
|a 32 p.
|
| 490 |
1 |
|
|a An ideas into action guidebook
|
| 500 |
|
|
|a At head of title on cover: For the practicing manager.
|
| 500 |
|
|
|a "CCL no. 431"--T.p. verso.
|
| 504 |
|
|
|a Includes bibliographical references (p. 28-29).
|
| 533 |
|
|
|a Electronic reproduction. Ann Arbor, MI : ProQuest, 2015. Available via World Wide Web. Access may be limited to ProQuest affiliated libraries.
|
| 650 |
|
0 |
|a Executive ability.
|
| 650 |
|
0 |
|a Leadership.
|
| 650 |
|
0 |
|a Communication in management.
|
| 650 |
|
0 |
|a Organizational behavior.
|
| 655 |
|
4 |
|a Electronic books.
|
| 700 |
1 |
|
|a McLaughlin, Cindy.
|
| 700 |
1 |
|
|a Trovas, Stephanie.
|
| 710 |
2 |
|
|a ProQuest (Firm)
|
| 830 |
|
0 |
|a Ideas into action guidebooks.
|
| 856 |
4 |
0 |
|u https://ebookcentral.proquest.com/lib/matrademy/detail.action?docID=3007623
|z Click to View
|